La creación cultural en la sociedad moderna
Gardado en:
| Autor Principal: | |
|---|---|
| Formato: | Libro |
| Idioma: | Lingua castelá |
| Publicado: |
Ciudad de México, México
Fontamara
1992
|
| Series: | Fontamara,
129 |
| Subjects: | |
| Tags: |
Engadir etiqueta
Sen Etiquetas, Sexa o primeiro en etiquetar este rexistro!
|
MARC
| LEADER | 00000nam a2200000 a 4500 | ||
|---|---|---|---|
| 001 | UCS3792 | ||
| 003 | CL-VaPUC | ||
| 005 | 20210623161751.0 | ||
| 008 | 970718e19920000MX |||||||||||||||||spa|d | ||
| 999 | |c 261345 |d 261343 | ||
| 040 | |c Pontificia Universidad Católica de Valparaíso | ||
| 082 | 0 | 4 | |a 303.4 GOL 1992 |2 21 |
| 100 | |a Goldmann, Lucien |e autor |9 412435 | ||
| 245 | 1 | 3 | |a La creación cultural en la sociedad moderna |
| 260 | 0 | 3 | |a Ciudad de México, México |b Fontamara |c 1992 |
| 300 | |a 170 páginas | ||
| 490 | 0 | |a Fontamara, |v 129 | |
| 583 | |a last modification |c 19970718 00:00:00 |k Rodrigo Vera | ||
| 650 | 0 | |a Acción cultural |9 339039 |v Sociedad moderna |x Sociedad industrial | |
| 942 | |c BK |2 ddc | ||
| 945 | |d 19970718 00:00:00 |a rleighto | ||
| 952 | |0 0 |1 0 |2 ddc |4 0 |6 303_400000000000000_GOL_1992 |7 0 |8 A |9 288731 |a FDOPOS |b FDOPOS |d 2019-11-19 |i 3334767 |o 303.4 GOL 1992 |p 3334767 |r 2025-01-22 |t 1 |w 2019-11-19 |y BK |k MLH | ||